000 00715nam a22002171 4500
001 73316
003 ES-MaACL
005 20240714063059.0
007 t|
008 040929s1961 sp ||||0| spa d
016 7 _zIND9200367640
040 _aM-BN
_bspa
_cA2
080 _a86-56"19":061.75(461.11 F.)"1961"
100 1 _aGómez de Aranda, Luis,
_d1916-2004
_957881
245 1 0 _aJuegos Florales de la II Feria Nacional del Mar
_b: Discurso del mantenedor.
260 _aEl Ferrol del Caudillo :
_b[s.n.],
_c1961.
300 _a9 h ;
_c27 cm.
711 2 _aFeria Nacional del Mar (
_n2ª.
_d1961.
_cEl Ferrol del Caudillo)
_9734
852 _aES-MaACL
_jC-30896
_bR.49224
999 _c73316
_d73316